Les Hautes Tatras

Bibliographic Details
Format: Book
Language:French
Czech
PhysicalDescription:32 s. fotografie, ilustrácie, mapy 23 cm
Published: [Praha] [Ministerstvo železnic] 1930
Series:Tchécoslovaquie : monographies de propagande pour les Chemins de fer de l'état Tchécoslovaque
Subjects:

MARC

LEADER 00000cam a2200000 a 4500
001 vtls008382791
003 SK-MaSNL
005 20260301205011.0
008 200104s1930 xr abo g 000 0 fre
015 |a SNBA19191938-007078 
035 |a SK01SNKBIKKM20020075008 
035 |a urn:nbn:sk:snk-am3himj 
035 |a D069A66F-7D19-4864-A4E5-0AEA03D66696 
035 |a urn:nbn:sk:snk-am00d1n6 
035 |a SKM000077471 
040 |a SNK  |b slo  |c SNK  |e AACR2 
041 1 |a fre  |h cze 
044 |a xr  |c CZ 
080 |a 908  |2 1981 
245 0 0 |a Les Hautes Tatras 
246 1 0 |a (Vysoké Tatry) 
260 |a [Praha]  |b [Ministerstvo železnic]  |c 1930  |e [Praha]  |f Jos. Bělohlav 
300 |a 32 s.  |b fotografie, ilustrácie, mapy  |c 23 cm 
490 1 |a Tchécoslovaquie : monographies de propagande pour les Chemins de fer de l'état Tchécoslovaque 
650 0 7 |a cestovanie  |2 SNKPH  |9 18846 
650 0 7 |a vlaky  |2 SNKPH  |9 30603 
651 7 |a Vysoké Tatry (Poľsko a Slovensko : pohorie)  |2 SNKPHgeo  |9 67729 
655 7 |a príručky  |2 SNKPH  |9 74364 
830 0 |a Tchécoslovaquie : monographies de propagande pour les Chemins de fer de l'état Tchécoslovaque  |9 590504 
958 |a RK 
958 |a TL 
958 |a ONDV 
999 |c 908554  |d 910484 
952 |a SNK  |b SNK  |y PREZ  |7 0  |p 17A0743298  |o snkSC 2207/8  |i snk1216/37  |0 0  |1 0  |4 0  |d 2018-05-29  |f 1  |l 0  |r 2025-06-11 00:00:00  |w 2026-02-24